000 00928nam a22002897a 4500
001 BR0404630
003 BR-BrBNA
005 20230928101731.0
007 ta
008 230509b bl.||||| |||| 00| 0 por d
040 _aBR-BrBNA
_bpor
_cBiblioteca Nacional de Agricultura
041 _a(Por)
072 _aH20
_b4120
090 _ 4120 BR0404630
100 1 _aBarcellos, F.G.
110 1 _aUniversidade Estadual de Londrina, PR (Brasil)
_0Tese (Mestre em Genética e Melhoramento)
_910648
245 1 _aInstabilidade genética de transformantes de Aspergillus nidulans obtidos por biobalística
260 3 _aLondrina, PR (Brasil):
_c1997.
300 _a102 p.
500 _aSummaries (Eng, Por); Bibliography p. 91-102; 17 illus.
650 _aASPERGILLUS NIDULARIS
650 _aFUNGO
650 _aBIOLOGIA MOLECULAR
650 _aENGENHARIA GENÉTICA
909 _a202309
_bLucia
_c55
_dLucia Elande
942 _cBK
999 _c67317
_d67317